LEADER 00919nam 2200325 4500 001 990000838680203316 035 $a0083868 035 $aUSA010083868 035 $a(ALEPH)000083868USA01 035 $a0083868 100 $a20020104d1992----km-y0ENGy0103----ba 101 $aita 102 $aIT 200 1 $aFilosofia della pratica$ecomplessitą e processualitą della storia$fUgo Lo Bosco 210 $aSalerno$cPalladio$d1992 215 $a581 p.$d21 cm 410 $12001 606 $aStoria moderna e contemporanea 676 $a909.08 700 1$aLO BOSCO,$bUgo$0468109 801 0$aIT$bsalbc$gISBD 912 $a990000838680203316 951 $aISP III 430$b3071 G$cISP III 959 $aBK 969 $aGIU 979 $aPATTY$b90$c20020104$lUSA01$h0941 979 $c20020403$lUSA01$h1729 979 $aPATRY$b90$c20040406$lUSA01$h1658 996 $aFilosofia della pratica$9967835 997 $aUNISA LEADER 01080nam1 2200361 450 001 990003583570203316 005 20111028100638.0 035 $a000358357 035 $aUSA01000358357 035 $a(ALEPH)000358357USA01 035 $a000358357 100 $a20111028g----9999km-y0itay50------ba 101 1 $aita$cfre 102 $aIT 105 $a||||||||001yy 200 1 $aMarx$fMichel Henry 210 $aGenova$aMilano$cMarietti 1820 215 $avolumi$d21 cm 463 \1$1001990003583580203316$12001 $a<<2:>> <> filosofia dell'economia 463 \1$1001990003583620203316$12001 $a<<1:>> <> filosofia della realtą 600 1$aMarx,$bKarl$2BNCF 676 $a335.4092 700 1$aHENRY,$bMichel$f<1922-2002>$0159415 801 0$aIT$bsalbc$gISBD 912 $a990003583570203316 951 $aII.1.D. /1/2$bL.M.$cII.1.D. 959 $aBK 969 $aUMA 979 $aPASSARO$b90$c20111028$lUSA01$h0929 979 $aPASSARO$b90$c20111028$lUSA01$h0942 979 $aPASSARO$b90$c20111028$lUSA01$h1006 996 $aMarx$9478378 997 $aUNISA